| 000 | 01461cam a22003374a 4500 | ||
|---|---|---|---|
| 999 |
_c329503 _d329503 |
||
| 001 | 11961698 | ||
| 003 | ASAB | ||
| 005 | 20170510135036.0 | ||
| 008 | 000403s2000 nyua b 001 0 eng | ||
| 020 | _a978-81-8356-465-6 | ||
| 040 | _cASAB | ||
| 042 | _apcc | ||
| 050 | 0 | 0 |
_aQH438.4.M3 _bC565 2000 |
| 082 | 0 | 0 |
_a572.8 _221 |
| 245 | 1 | 0 |
_aComputational molecular biology : _cRajiv Tyagi. |
| 260 |
_aNew Delhi. _bDiscovery Publishing House Pvt. Ltd. _c2009. |
||
| 300 |
_a 244 p. : _bill. ; _c25 cm. |
||
| 906 |
_a7 _bcbc _corignew _d1 _eocip _f20 _gy-gencatlg |
||
| 942 |
_2ddc _cBK |
||